SOFTWARE ENGINEERING AND CASE: BRIDGING THE CULTURE GAP / (Record no. 21079)
[ view plain ]
| 000 -الفاتح | |
|---|---|
| حقل البيانات ثابتة الطول | 00561nam a2200193Ia 4500 |
| 008 - عناصر البيانات ثابتة الطول - معلومات عامة | |
| حقل البيانات ثابتة الطول | 140319s9999 xx 000 0 eng d |
| 040 ## - مصدر الفهرسة | |
| وكالة الفهرسة الأصلية | GCL / |
| وكالة النسخ | GCL |
| 082 04 - رقم تصنيف ديوى العشرى | |
| رقم التصنيف | 005.10684 |
| رقم المادة | F S |
| 100 1# - المدخل الرئيسى - إسم شخصى | |
| الإسم الشخصى | FLECHER, TOM |
| 245 10 - بيان العنوان | |
| العنوان | SOFTWARE ENGINEERING AND CASE: BRIDGING THE CULTURE GAP / |
| بيان المسئوليه,etc | FLECHER, TOM |
| 700 1# - المدخل الاضافى - اسم شخصى | |
| الإسم الشخصى | HUNT, |
| 260 ## - PUBLICATION, DISTRIBUTION, ETC. (IMPRINT) | |
| تاريخ النشر أو التوزيع | 1993 |
| 300 ## - الوصف المادى | |
| التعداد | 277 P |
| 490 ## - بيان السلسلة | |
| عنوان السلسلة | CAP GEMIN AMERICA SERIES |
| رقم المجلد/ التعيين التسلسلي | 0 |
| 650 04 - المدخل الاضافى بالموضوع-مصطلح موضوعى | |
| مصطلح موضوعي | MANAGEMENT - INFORMATION SYSTEM |
| 650 04 - المدخل الاضافى بالموضوع-مصطلح موضوعى | |
| مصطلح موضوعي | COMPUTER - AIDED SOFTWARE ENGINE |
| 942 ## - عناصر المدخل الإضافي( كوها) | |
| مصدر التصنيف او مخطط الترفيف | Dewey Decimal Classification |
| Koha [default] item type | كتاب |
| 260 ## - PUBLICATION, DISTRIBUTION, ETC. (IMPRINT) | |
| -- | [S.N] : |
| -- | MC GRAW - HILL ، |
| حالة التراجع | حالة الفقد | حالة تلف | ليس للاعارة | المكان المؤقت | الموقع الحالى | تاريخ الاكتساب | اجمالي اﻻعارات | رقم الطلب | الباركود | تاريخ اخر مشاهدة | تاريخ تفعيل السعر | نوع وعاء كوها |
|---|---|---|---|---|---|---|---|---|---|---|---|---|
| مكتبة القاهرة الكبرى | مكتبة القاهرة الكبرى | 03/26/2014 | 005.10684\F S | 39172 | 03/26/2014 | 03/26/2014 | كتاب |

